[Event "ISR-chT"]
[Site "Israel"]
[Date "2024.01.19"]
[Round "3.18"]
[White "Shvayger, Yuliya"]
[Black "Kaspi, Alexander"]
[Result "1/2-1/2"]
[WhiteElo "2350"]
[BlackElo "2376"]
[PlyCount "218"]
[EventDate "2024.01.10"]
[EventType "team-tourn"]
[EventRounds "11"]
[EventCountry "ISR"]
[SourceTitle "CB09_2024"]
[SourceDate "2024.02.28"]
[SourceVersion "1"]
[SourceVersionDate "2024.02.28"]
[SourceQuality "1"]
[WhiteTeam "Beer Sheva II"]
[BlackTeam "Rishon Le Zion"]
[WhiteTeamCountry "ISR"]
[BlackTeamCountry "ISR"]

1. e4 c5 2. Nf3 d6 3. d4 cxd4 4. Nxd4 Nf6 5. Nc3 a6 6. g3 e5 7. Nb3 Be6 8. Bg2 Nbd7 9. a4 Be7 10. 0-0 0-0 11. Re1 Rc8 12. Nd2 Rxc3 13. bxc3 Qc7 14. Nb3 Qxc3 15. Bd2 Qc7 16. Bb4 Rd8 17. Rc1 Nb8 18. c4 Nc6 19. Bd2 Nd7 20. a5 Nc5 21. Bf1 Bg4 22. Qxg4 Nxb3 23. Bh6 Bf8 24. Rb1 Ncxa5 25. Be3 Nd4 26. Bxd4 exd4 27. Qd1 Qc5 28. Qa4 Rb8 29. Bd3 g6 30. f4 Nc6 31. Re2 Be7 32. Reb2 Qa5 33. Qxa5 Nxa5 34. Rb6 Rc8 35. Ra1 Rc5 36. Bf1 Kf8 37. Rd1 Rc6 38. Rxc6 Nxc6 39. Rb1 Na5 40. Kf2 Ke8 41. Ke2 Kd8 42. Kd3 Bf6 43. Bg2 Kc7 44. e5 dxe5 45. Bd5 exf4 46. gxf4 b6 47. c5 bxc5 48. Ra1 c4+ 49. Bxc4 Nb7 50. Bxf7 a5 51. Bd5 Nc5+ 52. Kc4 Nd7 53. Rxa5 Nb6+ 54. Kd3 Nxd5 55. Rxd5 h6 56. Ke4 Kc6 57. h3 Kc7 58. Ra5 Kd6 59. Ra3 Ke6 60. Rg3 Kf7 61. Kd5 Bh4 62. Ra3 Bf2 63. Ke5 Be3 64. Ra7+ Ke8 65. Ke6 Kd8 66. Rd7+ Ke8 67. Rg7 Kd8 68. Ke5 d3 69. Rxg6 Kc7 70. Ra6 Bc1 71. Ra5 Kc6 72. f5 d2 73. Rd5 Bb2+ 74. Ke6 Bc3 75. Rd8 Kc5 76. f6 Bd4 77. f7 d1Q 78. f8Q+ Kc4 79. Rc8+ Kd3 80. Qf5+ Ke3 81. Rc2 Qg1 82. Qg4 Qf1 83. Qg3+ Qf3 84. Qe1+ Kd3 85. Rd2+ Kc4 86. Qe2+ Qxe2+ 87. Rxe2 Kd3 88. Re1 Bc3 89. Rf1 Ke4 90. h4 Bd4 91. h5 Bc3 92. Kf7 Bd2 93. Kg6 Bg5 94. Rf8 Bc1 95. Re8+ Kd5 96. Kf7 Bg5 97. Re6 Bf4 98. Kf6 Bc1 99. Re1 Bg5+ 100. Kf7 Kd6 101. Ra1 Bf4 102. Ra6+ Ke5 103. Kg7 Bd2 104. Ra2 Bf4 105. Rf2 Bg5 106. Ra2 Bf4 107. Ra6 Bd2 108. Rxh6 Bxh6+ 109. Kxh6 Kf6 1/2-1/2

[Event "ISR-chT"]
[Site "Israel"]
[Date "2023.05.05"]
[Round "9.6"]
[White "Shvayger, Yuliya"]
[Black "Maryasin, Boris Feliksovich"]
[Result "0-1"]
[WhiteElo "2348"]
[BlackElo "2277"]
[PlyCount "60"]
[EventDate "2023.01.11"]
[EventType "team-tourn"]
[EventRounds "11"]
[EventCountry "ISR"]
[SourceTitle "EXT 2024"]
[Source "ChessBase"]
[SourceDate "2023.10.10"]
[SourceVersion "1"]
[SourceVersionDate "2023.10.10"]
[SourceQuality "1"]
[WhiteTeam "Beer Sheva II"]
[BlackTeam "Ashdod II"]
[WhiteTeamCountry "ISR"]
[BlackTeamCountry "ISR"]

1. e4 c5 2. Nf3 e6 3. c4 Nc6 4. Nc3 Nd4 5. g3 Ne7 6. Bg2 Nec6 7. 0-0 g6 8. Nxd4 Nxd4 9. f4 Bg7 10. a3 d6 11. b4 Bd7 12. Rb1 b6 13. b5 0-0 14. g4 Rb8 15. d3 f5 16. g5 e5 17. Nd5 Be6 18. exf5 Bxf5 19. h4 Qd7 20. Rf2 Rbe8 21. Qf1 e4 22. dxe4 Bxe4 23. Bxe4 Rxe4 24. Bd2 Qg4+ 25. Qg2 Ne2+ 26. Kf1 Ng3+ 27. Kg1 Bd4 28. Rbf1 Ne2+ 29. Kh1 Qxh4+ 30. Qh2 Ng3+ 0-1

[Event "ISR-chT"]
[Site "Israel"]
[Date "2023.02.10"]
[Round "7.5"]
[White "Shvayger, Yuliya"]
[Black "Atnilov, Boris"]
[Result "1-0"]
[WhiteElo "2348"]
[BlackElo "2059"]
[PlyCount "79"]
[EventDate "2023.01.11"]
[EventType "team-tourn"]
[EventRounds "11"]
[EventCountry "ISR"]
[SourceTitle "EXT 2024"]
[Source "ChessBase"]
[SourceDate "2023.10.10"]
[SourceVersion "1"]
[SourceVersionDate "2023.10.10"]
[SourceQuality "1"]
[WhiteTeam "Beer Sheva II"]
[BlackTeam "Petah Tikva"]
[WhiteTeamCountry "ISR"]
[BlackTeamCountry "ISR"]

1. e4 e6 2. d4 d5 3. Nd2 Nf6 4. e5 Nfd7 5. Ngf3 c5 6. c3 Nc6 7. Bd3 Qb6 8. 0-0 cxd4 9. cxd4 Nxd4 10. Nxd4 Qxd4 11. Nf3 Qb6 12. Qa4 Qb4 13. Qc2 h6 14. Bd2 Qb6 15. Qa4 a6 16. Rac1 Be7 17. Qg4 g5 18. Rc2 Nf8 19. Qh5 Qd8 20. Nd4 Rg8 21. Qxh6 g4 22. Rfc1 Bd7 23. Qh5 Rc8 24. Rxc8 Bxc8 25. Be2 Bd7 26. Bxg4 Bg5 27. Bxg5 Rxg5 28. Qh3 Rxe5 29. Qc3 Ng6 30. h3 Qb6 31. Nb3 Re4 32. Qg7 Qb4 33. Qf6 Rf4 34. Qg5 Qb6 35. Rc2 a5 36. Bh5 Rf5 37. Qh6 Nf4 38. Bg4 Qd6 39. Bxf5 exf5 40. Qxd6 1-0

[Event "ISR-ch (Women)"]
[Site "Arad"]
[Date "2022.12.12"]
[Round "8"]
[White "Shvayger, Yuliya"]
[Black "Reprun, Nadejda"]
[Result "1/2-1/2"]
[WhiteElo "2350"]
[BlackElo "1979"]
[PlyCount "81"]
[EventDate "2022.12.05"]
[EventType "tourn"]
[EventRounds "9"]
[EventCountry "ISR"]
[SourceTitle "CBM 211 Extra"]
[Source "ChessBase"]
[SourceDate "2023.01.31"]
[SourceVersion "1"]
[SourceVersionDate "2023.01.31"]
[SourceQuality "1"]

1. e4 c6 2. Nf3 d5 3. Nc3 Bg4 4. h3 Bxf3 5. Qxf3 e6 6. d3 Nd7 7. Bd2 Qb6 8. 0-0-0 d4 9. Ne2 a5 10. e5 Nxe5 11. Qe4 Ng6 12. Qxd4 Qxd4 13. Nxd4 Bc5 14. Nb3 Bb6 15. a4 Nf6 16. d4 0-0 17. c4 Ne4 18. Be3 e5 19. Bd3 exd4 20. Nxd4 Nc5 21. Bc2 Ne5 22. b3 Na6 23. Rhe1 Rad8 24. f4 Ng6 25. f5 Ne5 26. Bg1 Rfe8 27. Nxc6 Rxd1+ 28. Kxd1 Bxg1 29. Rxe5 Rxe5 30. Nxe5 Bd4 31. Nf3 Bf6 32. g4 h6 33. Be4 Nc5 34. Bd5 b6 35. Kc2 Kf8 36. Ne1 Ke7 37. Ng2 Be5 38. Ba8 Na6 39. Ne3 Nb4+ 40. Kd1 Bd4 41. Nd5+ 1/2-1/2

[Event "ISR-ch (Women)"]
[Site "Arad"]
[Date "2022.12.11"]
[Round "7"]
[White "Tashkinova, Sofiia"]
[Black "Shvayger, Yuliya"]
[Result "0-1"]
[WhiteElo "1919"]
[BlackElo "2350"]
[PlyCount "86"]
[EventDate "2022.12.05"]
[EventType "tourn"]
[EventRounds "9"]
[EventCountry "ISR"]
[SourceTitle "CBM 211 Extra"]
[Source "ChessBase"]
[SourceDate "2023.01.31"]
[SourceVersion "1"]
[SourceVersionDate "2023.01.31"]
[SourceQuality "1"]

1. e4 c5 2. Nf3 Nc6 3. Bb5 e6 4. Bxc6 bxc6 5. e5 f6 6. 0-0 fxe5 7. Nxe5 Nf6 8. b3 d6 9. Ng4 Be7 10. Bb2 0-0 11. Na3 Nd5 12. c4 Nf4 13. d3 e5 14. f3 Qe8 15. Bc1 Qg6 16. Bxf4 Rxf4 17. g3 Rf7 18. Qe2 Bf5 19. Rad1 Raf8 20. Nc2 h5 21. Nge3 Bh3 22. Ng2 Bg5 23. b4 cxb4 24. Nxb4 Rc8 25. Qe4 Bf5 26. Qe2 Rb7 27. a3 a5 28. Nc2 Rb2 29. Rf2 Rb3 30. Nge1 Rcb8 31. c5 Rd8 32. d4 Qe6 33. dxe5 dxe5 34. Rxd8+ Bxd8 35. f4 Be7 36. Rf1 Bxc5+ 37. Kg2 Bh3+ 38. Kh1 Bxf1 39. Qxf1 Qd5+ 40. Ng2 exf4 41. gxf4 h4 42. Nce1 h3 43. f5 Rb1 0-1

[Event "ISR-chT"]
[Site "Israel"]
[Date "2022.02.18"]
[Round "7.6"]
[White "Shvayger, Yuliya"]
[Black "Aharon, Ofir"]
[Result "1-0"]
[WhiteElo "2363"]
[BlackElo "2231"]
[PlyCount "115"]
[EventDate "2022.01.14"]
[EventType "team-tourn"]
[EventRounds "11"]
[EventCountry "ISR"]
[SourceTitle "EXT 2023"]
[Source "ChessBase"]
[SourceDate "2022.10.05"]
[SourceVersion "1"]
[SourceVersionDate "2022.10.05"]
[SourceQuality "1"]
[WhiteTeam "Beer Sheva II"]
[BlackTeam "Kfar Saba II"]
[WhiteTeamCountry "ISR"]
[BlackTeamCountry "ISR"]

1. e4 c5 2. Nf3 Nc6 3. Bb5 g6 4. 0-0 Bg7 5. c3 Nf6 6. Re1 0-0 7. d4 cxd4 8. cxd4 d5 9. e5 Ne4 10. Nc3 Nxc3 11. bxc3 Na5 12. Bg5 Bf5 13. Qc1 Qb6 14. Bf1 Rfe8 15. Nh4 Bd7 16. Rb1 Qc7 17. Bf4 e6 18. Re3 Nc4 19. Rh3 Bc6 20. Nf3 Qe7 21. Bg5 f6 22. exf6 Bxf6 23. Bd3 Rac8 24. Qf4 Rf8 25. Qh4 Rc7 26. Re1 Nd6 27. Qg3 Ne4 28. Bxe4 dxe4 29. Bxf6 Rxf6 30. Ng5 Qd8 31. Nxe4 Bxe4 32. Rxe4 Rcf7 33. f3 Qa5 34. Qb8+ Kg7 35. Rxh7+ Kxh7 36. Rh4+ Qh5 37. Rxh5+ gxh5 38. Qxa7 h4 39. Qc5 Rg7 40. Kf2 Rfg6 41. Qh5+ Kg8 42. g4 hxg3+ 43. hxg3 Rxg3 44. Qe8+ Kh7 45. Qxe6 R3g6 46. Qe4 Kh8 47. d5 Rg2+ 48. Ke3 Rxa2 49. d6 Ra8 50. c4 Rf8 51. c5 Rff7 52. Qe6 Rd7 53. f4 Rgf7 54. f5 Kg7 55. Kf4 Rd8 56. Qg6+ Kf8 57. Qh6+ Kg8 58. Qg5+ 1-0

[Event "EU-chT (Women) 23rd"]
[Site "Terme Catez"]
[Date "2021.11.21"]
[Round "9.1"]
[White "Shvayger, Yuliya"]
[Black "Cvitan, Ena"]
[Result "1/2-1/2"]
[WhiteElo "2351"]
[BlackElo "2234"]
[PlyCount "48"]
[EventDate "2021.11.12"]
[EventType "team-swiss"]
[EventRounds "9"]
[EventCountry "SLO"]
[SourceTitle "CBM 205"]
[Source "ChessBase"]
[SourceDate "2021.12.31"]
[SourceVersion "1"]
[SourceVersionDate "2021.12.31"]
[SourceQuality "1"]
[WhiteTeam "Israel (W)"]
[BlackTeam "Croatia (W)"]
[WhiteTeamCountry "ISR"]
[BlackTeamCountry "CRO"]

1. e4 c6 2. Nf3 d5 3. Nc3 dxe4 4. Nxe4 Nf6 5. Qe2 Nxe4 6. Qxe4 Nd7 7. d4 Nf6 8. Qd3 g6 9. Be2 Bg7 10. 0-0 0-0 11. c4 Qc7 12. Bg5 Re8 13. h3 h6 14. Be3 Bf5 15. Qb3 Rad8 16. Rac1 g5 17. Rfd1 e6 18. Bd3 Bxd3 19. Rxd3 Qb8 20. Qd1 Ne4 21. Qe2 Nf6 22. Qd1 Ne4 23. Qe2 Nf6 24. Qd1 Ne4 1/2-1/2

[Event "Online Olym Div Top-C"]
[Site "Chess.com INT"]
[Date "2021.09.09"]
[Round "2.5"]
[White "Shvayger, Yuliya"]
[Black "Lujan, Carolina"]
[Result "0-1"]
[WhiteElo "2351"]
[BlackElo "2340"]
[PlyCount "58"]
[EventDate "2021.09.09"]
[EventType "team (rapid)"]
[EventRounds "9"]
[EventCountry "USA"]
[SourceTitle "CBM 204 Extra"]
[Source "ChessBase"]
[SourceDate "2021.11.30"]
[SourceVersion "1"]
[SourceVersionDate "2021.11.30"]
[SourceQuality "1"]
[WhiteTeam "Israel"]
[BlackTeam "Argentina"]
[WhiteTeamCountry "ISR"]
[BlackTeamCountry "ARG"]

1. e4 c5 2. Nf3 Nc6 3. Bb5 e6 4. 0-0 Nge7 5. Re1 Ng6 6. c3 d5 7. exd5 Qxd5 8. d4 cxd4 9. c4 Qd6 10. Nxd4 Qc7 11. Nc3 Be7 12. Qf3 Bd7 13. Nxc6 bxc6 14. Ba4 0-0 15. b3 e5 16. Bb2 f5 17. Rad1 e4 18. Qh3 Rad8 19. a3 Bd6 20. Qh5 Nf4 21. Qh4 Nd3 22. Re2 Nxb2 23. Rxb2 Be5 24. Rc2 Be6 25. Re1 Rf6 26. g3 Rd3 27. Nxe4 fxe4 28. Qxe4 Bf5 29. Qxc6 Rxc6 0-1

[Event "Online Olym Div2 C"]
[Site "Chess.com INT"]
[Date "2021.09.02"]
[Round "1.5"]
[White "Shvayger, Yuliya"]
[Black "Cramling, Pia"]
[Result "1/2-1/2"]
[WhiteElo "2351"]
[BlackElo "2455"]
[PlyCount "55"]
[EventDate "2021.09.02"]
[EventType "team (rapid)"]
[EventRounds "9"]
[EventCountry "USA"]
[SourceTitle "CBM 204 Extra"]
[Source "ChessBase"]
[SourceDate "2021.11.30"]
[SourceVersion "1"]
[SourceVersionDate "2021.11.30"]
[SourceQuality "1"]
[WhiteTeam "Israel"]
[BlackTeam "Sweden"]
[WhiteTeamCountry "ISR"]
[BlackTeamCountry "SWE"]

1. e4 c5 2. Nf3 d6 3. d4 cxd4 4. Nxd4 Nf6 5. Nc3 a6 6. g3 e5 7. Nb3 Be7 8. Bg2 Nbd7 9. a4 b6 10. 0-0 Bb7 11. Qe2 0-0 12. Nd2 Rc8 13. Nc4 Re8 14. Bg5 Qc7 15. Ne3 h6 16. Bxf6 Nxf6 17. Rfd1 Qc5 18. Ra3 g6 19. h3 Red8 20. Rb3 Qc7 21. Bf3 Re8 22. Bg2 Qc5 23. Qd2 Bf8 24. Qe2 Red8 25. Bf3 Re8 26. Bg2 Red8 27. Bf3 Re8 28. Bg2 1/2-1/2

[Event "ISR-chT"]
[Site "Israel"]
[Date "2021.05.08"]
[Round "6.6"]
[White "Shvayger, Yuliya"]
[Black "Emanuel, Yahav"]
[Result "1-0"]
[WhiteElo "2340"]
[BlackElo "2328"]
[PlyCount "55"]
[EventDate "2021.04.22"]
[EventType "team-tourn"]
[EventRounds "11"]
[EventCountry "ISR"]
[SourceTitle "EXT 2022"]
[Source "ChessBase"]
[SourceDate "2021.10.06"]
[SourceVersion "1"]
[SourceVersionDate "2021.10.06"]
[SourceQuality "1"]
[WhiteTeam "Beer Sheva Yud Alef"]
[BlackTeam "Herzliya"]
[WhiteTeamCountry "ISR"]
[BlackTeamCountry "ISR"]

1. e4 e5 2. Nf3 Nc6 3. Nc3 Nf6 4. Bb5 Bb4 5. 0-0 0-0 6. d3 d6 7. Ne2 Ne7 8. c3 Ba5 9. Ng3 c6 10. Ba4 Ng6 11. d4 h6 12. Bc2 Re8 13. h3 Be6 14. Be3 Qd7 15. Re1 Bc7 16. Qd2 Rad8 17. a4 a5 18. Rad1 Qc8 19. Bxh6 Nh7 20. Nf5 Bxf5 21. exf5 Ne7 22. f6 gxf6 23. Qd3 Nf8 24. Bxf8 Kxf8 25. Qh7 Nd5 26. Nh4 Re6 27. Nf5 Ne7 28. Nh6 1-0

[Event "ISR-ch (Women)"]
[Site "Jerusalem"]
[Date "2021.03.13"]
[Round "7"]
[White "Shvayger, Yuliya"]
[Black "Orian, Noga"]
[Result "1-0"]
[WhiteElo "2327"]
[BlackElo "1658"]
[PlyCount "60"]
[EventDate "2021.03.07"]
[EventType "swiss"]
[EventRounds "9"]
[EventCountry "ISR"]
[SourceTitle "CBM 201 Extra"]
[Source "ChessBase"]
[SourceDate "2021.05.31"]
[SourceVersion "1"]
[SourceVersionDate "2021.05.31"]
[SourceQuality "1"]

1. e4 d6 2. d4 Nf6 3. Nc3 e5 4. Nf3 exd4 5. Nxd4 Be7 6. Bd3 Nc6 7. Nxc6 bxc6 8. 0-0 0-0 9. f4 Nd7 10. Be3 Rb8 11. Rb1 Nb6 12. Qf3 Bb7 13. Rbd1 d5 14. Qf2 Bb4 15. Ne2 dxe4 16. Bxe4 Qe7 17. Ng3 Ba6 18. Bd3 Bxd3 19. Rxd3 Rbd8 20. Bd4 Rd5 21. Bxg7 Rfd8 22. Bd4 Qd7 23. Ne4 Qf5 24. Nf6+ Kf8 25. Nxd5 Rxd5 26. Kh1 c5 27. Be3 Nc4 28. Rxd5 Qxd5 29. a3 Nxe3 30. Qxe3 Qc4 1-0

[Event "ISR-ch (Women)"]
[Site "Jerusalem"]
[Date "2021.03.11"]
[Round "5"]
[White "Reprun, Nadejda"]
[Black "Shvayger, Yuliya"]
[Result "0-1"]
[WhiteElo "1968"]
[BlackElo "2327"]
[PlyCount "82"]
[EventDate "2021.03.07"]
[EventType "swiss"]
[EventRounds "9"]
[EventCountry "ISR"]
[SourceTitle "CBM 201 Extra"]
[Source "ChessBase"]
[SourceDate "2021.05.31"]
[SourceVersion "1"]
[SourceVersionDate "2021.05.31"]
[SourceQuality "1"]

1. e4 c5 2. Nf3 Nc6 3. d4 cxd4 4. Nxd4 e5 5. Nb5 d6 6. c4 Be6 7. N1c3 a6 8. Na3 g6 9. Be3 Bg7 10. Nc2 Nf6 11. Be2 0-0 12. 0-0 Rc8 13. Qd2 Ne7 14. Rfd1 Bxc4 15. Bxc4 Rxc4 16. Qxd6 Qxd6 17. Rxd6 Nxe4 18. Nxe4 Rxe4 19. Rd7 Nf5 20. Rxb7 a5 21. Rd1 Rc8 22. Na3 Nxe3 23. fxe3 Bh6 24. Kf2 Bxe3+ 25. Kf3 Rd4 26. Rxd4 exd4 27. Rb5 Bd2 28. Rd5 Bc1 29. Rxd4 Bxb2 30. Rd3 h5 31. Nb5 Rc2 32. Rd8+ Kg7 33. Ra8 Be5 34. Rxa5 Bxh2 35. a4 Be5 36. Ra6 h4 37. Nd6 Ra2 38. Nc4 Bg3 39. Ne3 f5 40. Ra7+ Kh6 41. Nd1 Rd2 0-1

[Event "ISR-ch (Women)"]
[Site "Jerusalem"]
[Date "2021.03.08"]
[Round "2"]
[White "Golovchanskaya, Alina"]
[Black "Shvayger, Yuliya"]
[Result "0-1"]
[WhiteElo "1681"]
[BlackElo "2327"]
[PlyCount "50"]
[EventDate "2021.03.07"]
[EventType "swiss"]
[EventRounds "9"]
[EventCountry "ISR"]
[SourceTitle "CBM 201 Extra"]
[Source "ChessBase"]
[SourceDate "2021.05.31"]
[SourceVersion "1"]
[SourceVersionDate "2021.05.31"]
[SourceQuality "1"]

1. d4 Nf6 2. c4 e6 3. Nc3 Bb4 4. e3 0-0 5. Nf3 d5 6. Bd3 c5 7. 0-0 Nc6 8. a3 Bxc3 9. bxc3 dxc4 10. Bxc4 Qc7 11. Bd3 e5 12. Qc2 Re8 13. Nxe5 Nxe5 14. dxe5 Qxe5 15. Rb1 b6 16. c4 Ng4 17. g3 Qh5 18. f4 Bb7 19. e4 Bxe4 20. Bxe4 Rxe4 21. Qg2 Rae8 22. h3 Re2 23. Qh1 Nh2 24. Bb2 Nxf1 25. Kxf1 Qf5 0-1

[Event "ISR-chT"]
[Site "Israel"]
[Date "2020.09.05"]
[Round "10.3"]
[White "Shvayger, Yuliya"]
[Black "Kantsler, Boris"]
[Result "1/2-1/2"]
[WhiteElo "2346"]
[BlackElo "2438"]
[PlyCount "24"]
[EventDate "2020.01.10"]
[EventType "team-tourn"]
[EventRounds "11"]
[EventCountry "ISR"]
[SourceTitle "EXT 2021"]
[Source "ChessBase"]
[SourceDate "2020.10.23"]
[SourceVersion "1"]
[SourceVersionDate "2020.10.23"]
[SourceQuality "1"]
[WhiteTeam "Beer Sheva K"]
[BlackTeam "Ashdod Elite"]
[WhiteTeamCountry "ISR"]
[BlackTeamCountry "ISR"]

1. e4 d6 2. d4 Nf6 3. Nc3 e5 4. Nf3 Nbd7 5. Bc4 Be7 6. 0-0 0-0 7. Re1 c6 8. a4 Qc7 9. Rb1 b6 10. d5 Bb7 11. dxc6 Bxc6 12. Bg5 h6 1/2-1/2

[Event "Online Olym Div2 B"]
[Site "Chess.com INT"]
[Date "2020.08.16"]
[Round "8.3"]
[White "Movsesian, Julia"]
[Black "Shvayger, Yuliya"]
[Result "0-1"]
[WhiteElo "2328"]
[BlackElo "2332"]
[PlyCount "72"]
[EventDate "2020.08.14"]
[EventType "team-tourn (rapid)"]
[EventRounds "9"]
[EventCountry "USA"]
[SourceTitle "CBM 198"]
[Source "ChessBase"]
[SourceDate "2020.10.31"]
[SourceVersion "1"]
[SourceVersionDate "2020.10.31"]
[SourceQuality "1"]
[WhiteTeam "Slovakia"]
[BlackTeam "Israel"]
[WhiteTeamCountry "SVK"]
[BlackTeamCountry "ISR"]

1. e4 c5 2. Nf3 Nc6 3. Bb5 g6 4. Bxc6 bxc6 5. d3 Bg7 6. Nc3 d6 7. h3 e5 8. Bg5 Ne7 9. Qd2 h6 10. Be3 f5 11. exf5 gxf5 12. Qe2 0-0 13. 0-0 Qe8 14. Kh1 Kh8 15. Nh2 f4 16. Bd2 Rg8 17. Ne4 Nf5 18. Bc3 Qg6 19. Rg1 Nd4 20. Bxd4 cxd4 21. Rae1 d5 22. Nd2 Ba6 23. Qf3 Rgf8 24. Qd1 Rae8 25. Ndf3 c5 26. Ng4 e4 27. dxe4 dxe4 28. Nd2 e3 29. fxe3 fxe3 30. Nf3 Bb7 31. Ngh2 Qg3 32. Qe2 Be5 33. Nxe5 Rxe5 34. Qg4 Rg5 35. Qxg3 Rxg3 36. Re2 Rf2 0-1

[Event "Online Olym Div2 B"]
[Site "Chess.com INT"]
[Date "2020.08.16"]
[Round "7.3"]
[White "Shvayger, Yuliya"]
[Black "Bulmaga, Irina"]
[Result "0-1"]
[WhiteElo "2332"]
[BlackElo "2449"]
[PlyCount "100"]
[EventDate "2020.08.14"]
[EventType "team-tourn (rapid)"]
[EventRounds "9"]
[EventCountry "USA"]
[SourceTitle "CBM 198"]
[Source "ChessBase"]
[SourceDate "2020.10.31"]
[SourceVersion "1"]
[SourceVersionDate "2020.10.31"]
[SourceQuality "1"]
[WhiteTeam "Israel"]
[BlackTeam "Romania"]
[WhiteTeamCountry "ISR"]
[BlackTeamCountry "ROU"]

1. e4 c5 2. Nf3 d6 3. d4 cxd4 4. Nxd4 Nf6 5. Nc3 a6 6. g3 e5 7. Nde2 Be7 8. Bg2 Nbd7 9. 0-0 b5 10. Nd5 Nxd5 11. Qxd5 Rb8 12. Be3 0-0 13. Rfd1 Qc7 14. Qd2 Bb7 15. Nc3 b4 16. Nd5 Bxd5 17. exd5 f5 18. Rac1 Nc5 19. c3 b3 20. Bxc5 Qxc5 21. axb3 Rxb3 22. Qc2 Qb6 23. Rb1 g6 24. Bf1 Rb8 25. Bc4 Rxb2 26. Rxb2 Qxb2 27. Qxb2 Rxb2 28. Bxa6 Bd8 29. Re1 Ba5 30. Re3 Rc2 31. Kg2 Bb6 32. Re2 Rxc3 33. Rb2 Bd4 34. Ra2 e4 35. Re2 Kg7 36. Bb5 Kf6 37. Bd7 h6 38. h4 Rf3 39. Be6 Ke5 40. Bf7 g5 41. hxg5 hxg5 42. Bg6 Kxd5 43. g4 Rxf2+ 44. Rxf2 Bxf2 45. Bxf5 Bd4 46. Kf1 Ke5 47. Ke2 Bc5 48. Bd7 d5 49. Bf5 d4 50. Bd7 d3+ 0-1

[Event "EU-chT (Women) 22nd"]
[Site "Batumi"]
[Date "2019.11.02"]
[Round "9.1"]
[White "Reizniece Ozola, Dana"]
[Black "Shvayger, Yuliya"]
[Result "0-1"]
[WhiteElo "2297"]
[BlackElo "2336"]
[PlyCount "120"]
[EventDate "2019.10.24"]
[EventType "team-swiss"]
[EventRounds "9"]
[EventCountry "GEO"]
[SourceTitle "CBM 192 Extra"]
[Source "Chessbase"]
[SourceDate "2019.11.06"]
[SourceVersion "1"]
[SourceVersionDate "2019.11.06"]
[SourceQuality "1"]
[WhiteTeam "Latvia (W)"]
[BlackTeam "Israel (W)"]
[WhiteTeamCountry "LAT"]
[BlackTeamCountry "ISR"]

1. c4 e5 2. Nc3 Nf6 3. Nf3 Nc6 4. e3 Bb4 5. Qc2 Bxc3 6. Qxc3 Qe7 7. d4 e4 8. Nd2 d5 9. a3 a5 10. Qc2 dxc4 11. Bxc4 0-0 12. 0-0 Bf5 13. b3 Qd6 14. Be2 Rfe8 15. Bb2 Nd5 16. Rfe1 Qg6 17. Nf1 Qd6 18. Ng3 Bg6 19. h4 Nxe3 20. fxe3 Qxg3 21. Bb5 Rad8 22. Qf2 Qxf2+ 23. Kxf2 Rd5 24. Bxc6 bxc6 25. Rec1 Rb8 26. b4 axb4 27. axb4 h6 28. Bc3 Bf5 29. Ra7 Rc8 30. Be1 Bd7 31. Rca1 Kh7 32. Ra8 g5 33. Rxc8 Bxc8 34. hxg5 hxg5 35. Ra7 Kg6 36. Rxc7 Bd7 37. Ra7 f5 38. g3 Kh5 39. Ra8 Be6 40. Ra6 Bd7 41. Ra8 Rb5 42. Ra5 Rb7 43. Rc5 Kg4 44. Ke2 Rb8 45. Re5 Rh8 46. Rc5 Rb8 47. Re5 Bc8 48. Rc5 Bd7 49. Re5 Rh8 50. Rc5 Rh2+ 51. Bf2 Be8 52. Rc1 Kh3 53. Rg1 Bf7 54. Rc1 Bh5+ 55. Kf1 Rh1+ 56. Bg1 Kxg3 57. Rxc6 Bg4 58. Rc1 Kf3 59. b5 Bh3+ 60. Ke1 Rxg1+ 0-1

[Event "EU-chT (Women) 22nd"]
[Site "Batumi"]
[Date "2019.10.28"]
[Round "5.11"]
[White "Shvayger, Yuliya"]
[Black "Worek, Joanna"]
[Result "1-0"]
[WhiteElo "2336"]
[BlackElo "2319"]
[PlyCount "117"]
[EventDate "2019.10.24"]
[EventType "team-swiss"]
[EventRounds "9"]
[EventCountry "GEO"]
[SourceTitle "CBM 192 Extra"]
[Source "Chessbase"]
[SourceDate "2019.11.06"]
[SourceVersion "1"]
[SourceVersionDate "2019.11.06"]
[SourceQuality "1"]
[WhiteTeam "Israel (W)"]
[BlackTeam "Czech Republic (W)"]
[WhiteTeamCountry "ISR"]
[BlackTeamCountry "CZE"]

1. e4 e5 2. Nf3 Nc6 3. Nc3 Nf6 4. Bb5 Nd4 5. Nxd4 exd4 6. Nd5 Nxd5 7. exd5 Qe7+ 8. Qe2 Qxe2+ 9. Bxe2 Bc5 10. Bf3 0-0 11. 0-0 Re8 12. d3 d6 13. Bd2 a5 14. a3 Bd7 15. g4 a4 16. Kg2 Bb6 17. Rac1 Kf8 18. Kg3 Re5 19. h4 Be8 20. Be4 Kg8 21. Rfe1 Bd7 22. f4 Ree8 23. f5 Ba5 24. c3 c5 25. Bf4 dxc3 26. bxc3 Ra6 27. Rb1 b5 28. Bd2 Rb6 29. Rb2 Reb8 30. Reb1 f6 31. Kf4 Kf7 32. g5 R6b7 33. Bf3 fxg5+ 34. hxg5 Kg8 35. Be4 Rf8 36. Rf1 Be8 37. Kg3 Rbf7 38. Rf3 Bd7 39. Rb1 Re8 40. Rh1 c4 41. f6 gxf6 42. Rxf6 Rg7 43. Kf3 cxd3 44. Bxd3 Re5 45. Rxd6 Bc7 46. Bxh7+ Rxh7 47. Rxh7 Bxd6 48. Rxd7 Bxa3 49. Kf4 Re2 50. Be3 Bf8 51. Bd4 a3 52. Ra7 Re7 53. Ra8 Rf7+ 54. Kg4 Kh7 55. Kh5 Rf5 56. Bf6 a2 57. Rxa2 Rxd5 58. Ra8 Kg8 59. Be7 1-0

[Event "Netanya op"]
[Site "Netanya"]
[Date "2019.06.30"]
[Round "7"]
[White "Musyuk, Lior"]
[Black "Shvayger, Yuliya"]
[Result "1-0"]
[WhiteElo "2190"]
[BlackElo "2361"]
[PlyCount "67"]
[EventDate "2019.06.23"]
[EventType "swiss"]
[EventRounds "9"]
[EventCountry "ISR"]
[SourceTitle "CBM 191 Extra"]
[Source "ChessBase"]
[SourceDate "2019.09.30"]
[SourceVersion "1"]
[SourceVersionDate "2019.09.30"]
[SourceQuality "1"]

1. e4 e6 2. d4 d5 3. Nc3 Nf6 4. e5 Nfd7 5. f4 c5 6. Nf3 Nc6 7. Be3 a6 8. Qd2 b5 9. a3 Qa5 10. Rb1 Rb8 11. Bd3 b4 12. axb4 Rxb4 13. Ne2 Be7 14. c3 Rb8 15. 0-0 0-0 16. f5 exf5 17. Bxf5 Nb6 18. Bd3 cxd4 19. Nexd4 Nxd4 20. Nxd4 Qa4 21. Bg5 Nc4 22. Qf4 Bxg5 23. Qxg5 Qe8 24. Rbe1 Rxb2 25. Rf6 Nd2 26. e6 fxe6 27. Nxe6 Bxe6 28. Rexe6 Qxe6 29. Bxh7+ Kh8 30. Rxf8+ Kxh7 31. Qh5+ Qh6 32. Qf5+ g6 33. Qd7+ Qg7 34. Qh3+ 1-0